Mariyātai rāman̲ kataikaḷ = (Record no. 172429)

MARC details
000 -LEADER
fixed length control field 00933nam a22002537i 4500
005 - DATE AND TIME OF LATEST TRANSACTION
control field 20190522115630.0
008 - FIXED-LENGTH DATA ELEMENTS--GENERAL INFORMATION
fixed length control field 190423s2015 ii a|||g |||| 00| 1 tam d
020 ## - INTERNATIONAL STANDARD BOOK NUMBER
International Standard Book Number 9789836804587
Terms of availability RM12.50
Qualifying information paperback
040 ## - CATALOGING SOURCE
Original cataloging agency PPAK
Language of cataloging eng
Transcribing agency PPAK
Description conventions rda
082 04 - DEWEY DECIMAL CLASSIFICATION NUMBER
Edition number 23
Classification number 398.20494811
090 00 - LOCALLY ASSIGNED LC-TYPE CALL NUMBER (OCLC); LOCAL CALL NUMBER (RLIN)
Classification number (OCLC) (R) ; Classification number, CALL (RLIN) (NR) 398.20494811
Feature heading MUN
Feature heading K
100 1# - MAIN ENTRY--PERSONAL NAME
Personal name Mun̲aivar, Pi. Van̲attaiyan̲,
Relator term author
245 10 - TITLE STATEMENT
Title Mariyātai rāman̲ kataikaḷ =
Remainder of title Kisah-kisah Raman dalam penghormatan /
Statement of responsibility, etc. Pi. Van̲attaiyan̲ Mun̲aivar
246 13 - VARYING FORM OF TITLE
Title proper/short title மரியாதை ராமன் கதைகள்
Title proper/short title Kisah-kisah Raman dalam penghormatan
264 #1 - PRODUCTION, PUBLICATION, DISTRIBUTION, MANUFACTURE, AND COPYRIGHT NOTICE
Place of production, publication, distribution, manufacture Chennai, India :
Name of producer, publisher, distributor, manufacturer Minerva Publications,
Date of production, publication, distribution, manufacture, or copyright notice 2015
300 ## - PHYSICAL DESCRIPTION
Extent 94 pages :
Other physical details illustrations ;
Dimensions 18 cm
336 ## - CONTENT TYPE
Source rdacontent
Content type term text
337 ## - MEDIA TYPE
Source rdamedia
Media type term unmediated
338 ## - CARRIER TYPE
Source rdacarrier
Carrier type term volume
650 10 - SUBJECT ADDED ENTRY--TOPICAL TERM
Topical term or geographic name entry element Folklore
Form subdivision Juvenile literature
Topical term or geographic name entry element Tales
Form subdivision Juvenile literature
942 ## - ADDED ENTRY ELEMENTS (KOHA)
Source of classification or shelving scheme Dewey Decimal Classification
Koha item type Book
Holdings
Withdrawn Not for loan Current library Shelving location Date acquired Total Checkouts Total Renewals Full call number Barcode Date last seen Date last checked out Koha item type
    Perpustakaan Alor Setar Pinjaman Kanak-kanak 28/05/2019 1 1 K 398.20494811 MUN A01599141 31/05/2020 12/02/2020 Book
    Perpustakaan Kulim Pinjaman Kanak-kanak 28/05/2019 7 2 K 398.20494811 MUN A01599142 22/12/2025 08/11/2025 Book